Handbook of all denominations /

Bibliographic Details
Main Author: Phelan, Macum, 1874-
Format: Book
Language:English
Published: Nashville, Tenn. : Cokesbury press, 1929.
Edition:5th ed.
Subjects:

MARC

Tag First Indicator Second Indicator Subfields
LEADER 00000cam a2200000 4500
001 in00000307667
005 20151010093458.0
008 790519s1929 tnu 00010 eng d
010 |a  29008854  
035 |a (OCoLC)04981984 
035 |9 ABG8133AM 
040 |a TXA  |c TXA  |d UtOrBLW 
049 |a TXAM  |c [1141290] 
090 |a BR157  |b .P5 1929 
100 1 |a Phelan, Macum,  |d 1874- 
245 1 0 |a Handbook of all denominations /  |c compiled by M. Phelan. 
250 |a 5th ed. 
264 1 |a Nashville, Tenn. :  |b Cokesbury press,  |c 1929. 
300 |a viii, 231 pages 
336 |a text  |b txt  |2 rdacontent 
337 |a unmediated  |b n  |2 rdamedia 
338 |a volume  |b nc  |2 rdacarrier 
650 0 |a Sects. 
999 |a MARS 
999 f f |s 123a7bd4-e972-3e0c-8b11-96c36aa6db92  |i ac94a2d7-5fef-3dd5-86c8-609b80aea34e  |t 0 
952 f f |p ric  |a Texas A&M University  |b Rellis Campus  |c Joint Library Facility  |d Remote Storage  |t 0  |e BR157 .P5 1929  |h Library of Congress classification  |i unmediated -- volume  |m A14801764913 
998 f f |a BR157 .P5 1929  |t 0  |l Remote Storage